[Event "26th Abu Dhabi Masters"]
[Site "Abu Dhabi UAE"]
[Date "2019.08.10"]
[Round "9.1"]
[White "Yakubboev, Nodirbek"]
[Black "Jobava, Baadur"]
[Result "1/2-1/2"]
[WhiteElo "2574"]
[BlackElo "2584"]
[EventDate "2019.08.02"]

1. d4 d5 2. c4 c6 3. Nf3 Nf6 4. Nc3 dxc4 5. a4 Bf5 6. Ne5 Nbd7 7. Nxc4 Nb6
8. Ne5 a5 9. Bg5 Nbd7 10. Qb3 Nxe5 11. dxe5 Nd7 12. Qxb7 Nxe5 13. Rd1 Qb8
14. Qxb8+ Rxb8 15. Bf4 f6 16. e4 Be6 17. Rd2 Rb4 18. Be2 Kf7 19. O-O Nc4
20. Rc2 Nxb2 21. Bc7 Nxa4 22. Bxa5 Nxc3 23. Bxb4 Nxe2+ 24. Rxe2 Bc4 25. Rc2
Bxf1 26. Kxf1 e5 27. Bxf8 Rxf8 28. Rxc6 1/2-1/2

[Event "26th Abu Dhabi Masters"]
[Site "Abu Dhabi UAE"]
[Date "2019.08.10"]
[Round "9.2"]
[White "Ni, Hua"]
[Black "Maghsoodloo, Parham"]
[Result "1/2-1/2"]
[WhiteElo "2668"]
[BlackElo "2656"]
[EventDate "2019.08.02"]

1. d4 f5 2. Bf4 Nf6 3. e3 e6 4. Be2 Nc6 5. Nf3 Ne7 6. O-O Ng6 7. c4 b6 8.
Nc3 Bb4 9. Rc1 Bb7 10. Nb5 Nxf4 11. exf4 a6 12. Nc3 O-O 13. Ne5 d6 14. Nf3
Bxc3 15. Rxc3 Ne4 16. Rc1 Qf6 17. Qd3 h6 18. h4 Kh8 19. Qe3 a5 20. g3 Qg6
21. Nd2 Nf6 22. Bf3 Bxf3 23. Qxf3 Ne4 24. Qe3 e5 25. dxe5 dxe5 26. fxe5
Rae8 27. Qf4 Nc5 28. Rc3 Ne6 29. Qe3 f4 30. Qe4 Qxe4 31. Nxe4 Nd4 32. Rd3
c5 33. Nd2 Rxe5 34. Nf3 Nxf3+ 35. Rxf3 Re2 36. b3 Rxa2 37. Re1 Ra3 38. Kg2
Rf6 39. gxf4 Rg6+ 40. Kh2 a4 41. Ree3 Rg4 42. Kh3 h5 43. bxa4 Rxa4 44. Re5
g6 45. Re7 Ra1 46. Rg3 Rh1+ 47. Kg2 Rhxh4 48. Rb7 Rxf4 49. Ra3 Rfg4+ 50.
Kf1 Rh1+ 51. Ke2 Re4+ 52. Kd2 Rd4+ 53. Ke2 Re4+ 1/2-1/2

[Event "26th Abu Dhabi Masters"]
[Site "Abu Dhabi UAE"]
[Date "2019.08.10"]
[Round "9.3"]
[White "Indjic, Aleksandar"]
[Black "Socko, Bartosz"]
[Result "1/2-1/2"]
[WhiteElo "2617"]
[BlackElo "2625"]
[EventDate "2019.08.02"]

1. Nf3 Nf6 2. c4 e6 3. Nc3 Bb4 4. g4 h6 5. Rg1 b6 6. h4 Bb7 7. g5 hxg5 8.
hxg5 Ne4 9. Qc2 Bxc3 10. dxc3 Qe7 11. Rg4 Nd6 12. b3 Rh1 13. Ba3 c5 14.
O-O-O Bxf3 15. exf3 Nc6 16. f4 O-O-O 17. Rg3 Nf5 18. Rgd3 a5 19. Kb1 g6 20.
Bc1 Kc7 21. Qe2 d6 22. a4 Rdh8 23. Bg2 Rxd1 24. Qxd1 Qe8 25. Be4 Rh2 26.
Rd2 Nce7 27. b4 axb4 28. cxb4 Nc6 29. a5 bxa5 30. b5 Nb4 31. Qa4 Qb8 32.
Qxa5+ Qb6 33. Qa8 Qb8 34. Qa1 d5 35. cxd5 Nxd5 36. Qe5+ Kc8 37. Qxb8+ Kxb8
38. Bxd5 exd5 39. Rxd5 Rxf2 40. Rd7 Nd4 41. b6 Rf1 42. Kb2 Rf2+ 43. Ka3
Rf3+ 44. Ka4 Rf1 45. Bb2 Rxf4 46. Ka5 Nb3+ 47. Ka6 Ra4+ 48. Kb5 Rb4+ 49.
Ka6 Ra4+ 50. Kb5 Rb4+ 1/2-1/2

[Event "26th Abu Dhabi Masters"]
[Site "Abu Dhabi UAE"]
[Date "2019.08.10"]
[Round "9.4"]
[White "Salem, A.R. Saleh"]
[Black "Antipov, Mikhail Al."]
[Result "1-0"]
[WhiteElo "2668"]
[BlackElo "2599"]
[EventDate "2019.08.02"]

1. d4 d5 2. c4 c6 3. Nf3 Nf6 4. Nc3 a6 5. g3 dxc4 6. Bg2 Nbd7 7. b3 cxb3 8.
Qxb3 e6 9. O-O Be7 10. Rd1 O-O 11. Rb1 a5 12. Qc2 Nd5 13. e4 Nxc3 14. Qxc3
a4 15. Bf4 Qa5 16. Qc2 a3 17. Rb3 h6 18. h3 Re8 19. Bf1 Qa4 20. e5 b6 21.
d5 Nc5 22. Rd4 Qxb3 23. axb3 a2 24. Rd1 a1=Q 25. Rxa1 Rxa1 26. d6 Ba6 27.
Nd2 Bf8 28. b4 Nd3 29. Qc3 Rc1 30. Qa3 Bb5 31. Kh2 Rxf1 32. Nxf1 Nxf4 33.
gxf4 Bxf1 34. Qa4 Bb5 35. Qa7 Rd8 36. Kg3 Rxd6 37. exd6 Bxd6 38. Qa8+ Bf8
39. Qd8 g6 40. Kh2 Bc4 41. Qxb6 Bd5 42. Qb8 Kg7 43. h4 h5 44. f5 gxf5 45.
Qg3+ Kh7 46. Qg5 Bd6+ 47. Kg1 Bf3 48. Qf6 Kg8 49. Qd8+ Bf8 50. Kh2 Bd5 51.
Kg3 f6 52. Qxf6 Bd6+ 53. f4 Bxb4 54. Qg6+ Kf8 55. Qxh5 c5 56. Qh8+ Kf7 57.
h5 Be1+ 58. Kh3 Bf2 59. Qh7+ Kf8 60. h6 Bd4 61. Qg6 1-0

[Event "26th Abu Dhabi Masters"]
[Site "Abu Dhabi UAE"]
[Date "2019.08.10"]
[Round "9.5"]
[White "Petrosyan, Manuel"]
[Black "Ter-Sahakyan, Samvel"]
[Result "1-0"]
[WhiteElo "2592"]
[BlackElo "2632"]
[EventDate "2019.08.02"]

1. d4 Nf6 2. c4 e6 3. Nf3 Bb4+ 4. Nbd2 O-O 5. g3 d5 6. Bg2 b6 7. O-O Bb7 8.
b3 Nbd7 9. Bb2 a5 10. a3 Be7 11. cxd5 exd5 12. Ne5 Ra7 13. Rc1 c5 14. Nxd7
Nxd7 15. a4 Nb8 16. Nb1 Ba8 17. Nc3 Rd7 18. Nb5 Na6 19. e3 Re8 20. Bh3 Rb7
21. Qd2 Bf8 22. Rfd1 h5 23. Qe2 Qg5 24. Bg2 Rd7 25. h4 Qf5 26. Kh2 Rdd8 27.
Bc3 Bb7 28. Bf3 g6 29. dxc5 Nxc5 30. Nd4 Qd7 31. Qb5 Qd6 32. b4 axb4 33.
Bxb4 Qf6 34. a5 Nb3 35. Bxf8 Nxc1 36. Ba3 Re4 37. Qxb6 Qxb6 38. axb6 Na2
39. Bxe4 dxe4 40. Ra1 Nc3 41. Bb2 Nd5 42. Ra7 Rd7 43. Nb3 Nxb6 44. Nc5 Rd2
45. Bd4 Bc6 46. Ra6 Rxf2+ 47. Kg1 1-0

[Event "26th Abu Dhabi Masters"]
[Site "Abu Dhabi UAE"]
[Date "2019.08.10"]
[Round "9.6"]
[White "Esipenko, Andrey"]
[Black "Abdusattorov, Nodirbek"]
[Result "1/2-1/2"]
[WhiteElo "2625"]
[BlackElo "2594"]
[EventDate "2019.08.02"]

1. d4 Nf6 2. Nf3 e6 3. c4 b6 4. g3 Bb7 5. Bg2 Be7 6. O-O O-O 7. Nc3 Ne4 8.
Bd2 Bf6 9. Re1 d5 10. cxd5 exd5 11. Bf4 Re8 12. Qb3 Nxc3 13. bxc3 Nd7 14.
a4 c5 15. a5 Bc6 16. axb6 axb6 17. Rxa8 Qxa8 18. Bh3 Qa5 19. Bd6 c4 20. Qb2
Ra8 21. Qd2 Re8 22. Bb4 Qa8 23. Qb2 b5 24. Bd6 Nb6 25. Ne5 Na4 26. Qb4 Bd8
27. Qa3 f6 28. Nxc6 Qxc6 29. Bb4 Bc7 30. Bg2 f5 31. Qc1 Nb6 32. Qc2 g6 33.
e3 Nd7 34. Ra1 Ra8 35. Qb1 Kf7 36. Ra2 Nf6 37. Qa1 Rxa2 38. Qxa2 1/2-1/2

[Event "26th Abu Dhabi Masters"]
[Site "Abu Dhabi UAE"]
[Date "2019.08.10"]
[Round "9.7"]
[White "Bartel, Mateusz"]
[Black "Yuffa, Daniil"]
[Result "1-0"]
[WhiteElo "2612"]
[BlackElo "2571"]
[EventDate "2019.08.02"]

1. e4 Nf6 2. e5 Nd5 3. d4 d6 4. Nf3 dxe5 5. Nxe5 c6 6. a3 Bf5 7. c4 Nf6 8.
Nc3 Nbd7 9. f4 e6 10. Be3 Be7 11. Be2 Nxe5 12. fxe5 Ne4 13. O-O O-O 14. Bf3
Nxc3 15. bxc3 Qa5 16. Qb3 Qb6 17. Qa2 Qa5 18. Qd2 Qa4 19. Be2 Qc2 20. a4
Qxd2 21. Bxd2 Be4 22. Be3 c5 23. Bf3 Bxf3 24. gxf3 f6 25. f4 fxe5 26. fxe5
cxd4 27. cxd4 Rac8 28. Rac1 Rfd8 29. Kf2 Rf8+ 30. Ke2 Rxf1 31. Kxf1 Rc6 32.
d5 exd5 33. cxd5 Rxc1+ 34. Bxc1 Kf7 35. Ke2 Kg6 36. d6 Bf8 37. Ba3 Kf7 38.
d7 Be7 39. Bxe7 Kxe7 40. e6 g5 41. Kf3 h5 42. Ke4 g4 43. Kf5 b6 44. Kg6 h4
45. d8=Q+ 1-0

[Event "26th Abu Dhabi Masters"]
[Site "Abu Dhabi UAE"]
[Date "2019.08.10"]
[Round "9.8"]
[White "Karthikeyan, Murali"]
[Black "Sengupta, Deep"]
[Result "1/2-1/2"]
[WhiteElo "2612"]
[BlackElo "2546"]
[EventDate "2019.08.02"]

1. e4 e5 2. Nf3 Nf6 3. Nxe5 d6 4. Nf3 Nxe4 5. d4 d5 6. Bd3 Bf5 7. O-O Be7
8. Re1 O-O 9. Nbd2 Nd6 10. Nf1 Nd7 11. Ng3 Bxd3 12. Qxd3 Re8 13. Bf4 c6 14.
Re2 Nf8 15. Rae1 Ne6 16. Bc1 Bf6 17. c3 g6 18. b3 Rc8 1/2-1/2

[Event "26th Abu Dhabi Masters"]
[Site "Abu Dhabi UAE"]
[Date "2019.08.10"]
[Round "9.9"]
[White "Aravindh, Chithambaram Vr."]
[Black "Can, Emre"]
[Result "1/2-1/2"]
[WhiteElo "2607"]
[BlackElo "2593"]
[EventDate "2019.08.02"]

1. e4 c5 2. Nf3 d6 3. d4 cxd4 4. Nxd4 Nf6 5. Nc3 a6 6. Be2 e5 7. Nf3 Be7 8.
Bg5 Nbd7 9. a4 h6 10. Be3 Ng4 11. Bc1 Ngf6 12. O-O Nc5 13. Nd2 Be6 14. b3
Qc7 15. Bb2 O-O 16. Bf3 b6 17. Qe2 Bd7 18. Nc4 Ne6 19. Ne3 Nd4 20. Qd1 Bc6
21. Ncd5 Nxf3+ 22. Qxf3 Nxd5 23. exd5 Bd7 24. Nf5 Bxf5 25. Qxf5 b5 26. f4
Qc5+ 27. Kh1 Qxd5 28. fxe5 1/2-1/2

[Event "26th Abu Dhabi Masters"]
[Site "Abu Dhabi UAE"]
[Date "2019.08.10"]
[Round "9.10"]
[White "Aryan, Chopra"]
[Black "Zubov, Alexander"]
[Result "1/2-1/2"]
[WhiteElo "2553"]
[BlackElo "2607"]
[EventDate "2019.08.02"]

1. e4 c5 2. Nf3 d6 3. d4 cxd4 4. Nxd4 Nf6 5. Nc3 a6 6. Bd3 Nc6 7. Nxc6 bxc6
8. b3 e5 9. O-O Be7 10. Na4 Be6 11. Qe2 Qc7 12. Kh1 a5 13. Bb2 O-O 14. c4
Nd7 15. g3 Nb6 16. Nc3 a4 17. f4 f6 18. b4 a3 19. Bc1 d5 20. c5 Na4 21.
Nxa4 Rxa4 22. fxe5 Rxb4 23. Bxa3 Ra4 24. exf6 Rxf6 25. Bb2 Rxf1+ 26. Rxf1
Rxa2 27. Bb1 Ra8 28. exd5 Bxd5+ 29. Be4 Qd7 30. Bxd5+ Qxd5+ 31. Qf3 Qxf3+
32. Rxf3 Bxc5 33. Rb3 Re8 34. Kg2 Re6 35. Kf3 Kf7 36. h4 g6 37. g4 Re7 38.
h5 Ke6 39. Rc3 Kd6 40. Kf4 gxh5 41. Rxc5 Kxc5 42. Ba3+ Kd5 43. Bxe7 hxg4
1/2-1/2

[Event "26th Abu Dhabi Masters"]
[Site "Abu Dhabi UAE"]
[Date "2019.08.10"]
[Round "9.11"]
[White "Tabatabaei, M.Amin"]
[Black "Sanal, Vahap"]
[Result "1-0"]
[WhiteElo "2601"]
[BlackElo "2535"]
[EventDate "2019.08.02"]

1. Nf3 Nf6 2. g3 d5 3. Bg2 e6 4. O-O Be7 5. d3 O-O 6. Nbd2 Nc6 7. e4 dxe4
8. dxe4 e5 9. c3 Be6 10. Qe2 Nd7 11. Nc4 a5 12. Rd1 f6 13. Nh4 g6 14. Ne3
Bc5 15. Nd5 Ne7 16. Bh6 Rf7 17. Rd2 c6 18. Rad1 Kh8 19. Nxe7 Qxe7 20. Kh1
Qe8 21. f4 Bf8 22. Bxf8 Nxf8 23. b3 Rd7 24. f5 Bf7 25. Rxd7 Nxd7 26. Qd2
Nf8 27. Qd6 Kg7 28. g4 g5 29. Nf3 a4 30. c4 axb3 31. axb3 Ra2 32. h4 h6 33.
Qc7 Qa8 34. hxg5 hxg5 35. Nxg5 fxg5 36. Qxe5+ Kg8 37. Qf6 Qa7 38. Qxg5+ Kh7
39. Rd6 Kh8 40. f6 1-0

[Event "26th Abu Dhabi Masters"]
[Site "Abu Dhabi UAE"]
[Date "2019.08.10"]
[Round "9.12"]
[White "Praggnanandhaa, R"]
[Black "Kryvoruchko, Yuriy"]
[Result "1/2-1/2"]
[WhiteElo "2569"]
[BlackElo "2686"]
[EventDate "2019.08.02"]

1. e4 e5 2. Nf3 Nc6 3. Bc4 Nf6 4. d3 Be7 5. O-O O-O 6. Re1 d6 7. c3 Na5 8.
Bb5 a6 9. Ba4 c5 10. Nbd2 b5 11. Bc2 h6 12. Nf1 Nc6 13. h3 Re8 14. Ng3 Bf8
15. d4 cxd4 16. cxd4 exd4 17. Nxd4 Bb7 18. Nxc6 Bxc6 19. Bd2 Rc8 20. Bc3 d5
21. e5 Ne4 22. Nxe4 dxe4 23. Qxd8 Rexd8 24. a3 g5 25. Bxe4 Bxe4 26. Rxe4
Rc6 27. h4 Rdc8 28. a4 b4 29. Bxb4 Rc4 30. Rxc4 Rxc4 31. Bxf8 Kxf8 32. hxg5
hxg5 33. Ra3 Ke7 34. a5 Rb4 35. Rc3 Rxb2 36. Rc6 Rb5 37. Rxa6 Rxe5 38. Kf1
g4 39. Kg1 Rh5 40. Ra8 Kf6 41. Kf1 Re5 42. a6 Ra5 43. Ke2 Kf5 44. Ra7 f6
45. Ra8 Ra2+ 46. Ke3 Ra3+ 47. Kd4 Kf4 48. Kd5 Ra2 49. a7 Ra6 50. Kc5 f5 51.
Kb5 Ra2 52. Kc6 Ra1 53. Kd6 Ra2 54. Ke6 Ra6+ 55. Kf7 Ra5 56. Kg6 g3 57.
fxg3+ Kxg3 58. Kf6 f4 59. Rg8+ Kf2 60. a8=Q Rxa8 61. Rxa8 Kxg2 62. Rg8+ Kh2
63. Ke5 f3 64. Ke4 f2 65. Rf8 Kg2 66. Rxf2+ Kxf2 1/2-1/2

[Event "26th Abu Dhabi Masters"]
[Site "Abu Dhabi UAE"]
[Date "2019.08.10"]
[Round "9.13"]
[White "Paichadze, Luka"]
[Black "Akopian, Vladimir"]
[Result "1/2-1/2"]
[WhiteElo "2570"]
[BlackElo "2650"]
[EventDate "2019.08.02"]

1. e4 c6 2. d4 d5 3. e5 Bf5 4. h4 h5 5. Bd3 Bxd3 6. Qxd3 e6 7. Bg5 Be7 8.
Nf3 Nh6 9. Nbd2 Nf5 10. c4 dxc4 11. Nxc4 Nd7 12. Ne3 Qa5+ 13. Nd2 Nxe3 14.
fxe3 Rd8 15. Bxe7 Kxe7 16. b4 Qd5 17. Qe2 f6 18. exf6+ gxf6 19. O-O Rdg8
20. Rf4 Rg6 21. Raf1 Rhg8 22. R1f2 Rg4 23. Nb3 f5 24. Nc5 Nxc5 25. bxc5 b6
26. cxb6 axb6 27. Qb2 Qa5 28. Qc1 Rxf4 29. Rxf4 Kd7 30. e4 Qxa2 31. Rf2 Qa4
32. exf5 exf5 33. Qb1 Qxd4 34. Qxf5+ Kd8 35. Qxh5 Rf8 36. Qg5+ Ke8 37. Qd2
Qxf2+ 38. Qxf2 Rxf2 39. Kxf2 b5 40. Ke3 b4 41. Kd3 c5 42. Ke4 1/2-1/2

[Event "26th Abu Dhabi Masters"]
[Site "Abu Dhabi UAE"]
[Date "2019.08.10"]
[Round "9.14"]
[White "Sindarov, Javokhir"]
[Black "Bai, Jinshi"]
[Result "1/2-1/2"]
[WhiteElo "2507"]
[BlackElo "2599"]
[EventDate "2019.08.02"]

1. e4 e5 2. Nf3 Nf6 3. Nxe5 d6 4. Nf3 Nxe4 5. Bd3 Nf6 6. O-O Be7 7. c3 Bg4
8. Bc2 O-O 9. d4 d5 10. Re1 Re8 11. Bg5 h6 12. Bh4 Ne4 13. Bxe7 Rxe7 14. h3
Bxf3 15. Qxf3 Ng5 16. Qd1 Nd7 17. Nd2 Qe8 18. Rxe7 Qxe7 19. Qe1 Re8 20.
Qxe7 Rxe7 21. Kf1 c6 22. Re1 Rxe1+ 1/2-1/2

[Event "26th Abu Dhabi Masters"]
[Site "Abu Dhabi UAE"]
[Date "2019.08.10"]
[Round "9.15"]
[White "Shyaamnikhil, P"]
[Black "Petrov, Nikita"]
[Result "1/2-1/2"]
[WhiteElo "2457"]
[BlackElo "2595"]
[EventDate "2019.08.02"]

1. e4 c5 2. Nf3 d6 3. d4 cxd4 4. Nxd4 Nf6 5. Nc3 a6 6. g3 e5 7. Nde2 Be7 8.
Bg2 O-O 9. a4 Be6 10. h3 Nbd7 11. g4 Ne8 12. Ng3 Bg5 13. Bxg5 Qxg5 14. Nf5
Rc8 15. h4 Qd8 16. g5 Nb6 17. Qd3 g6 18. Ne3 Nc4 19. Nxc4 Bxc4 20. Qd2 Ng7
21. O-O-O Qa5 22. Kb1 Nh5 23. Qxd6 Rc6 24. Qa3 Nf4 25. Bh3 Rb6 26. Bg4 Rb4
27. Rd6 Qc5 28. Rhd1 a5 29. R1d2 Kg7 30. Nd1 Be6 1/2-1/2

[Event "26th Abu Dhabi Masters"]
[Site "Abu Dhabi UAE"]
[Date "2019.08.10"]
[Round "9.16"]
[White "Muradli, Mahammad"]
[Black "Vaibhav, Suri"]
[Result "0-1"]
[WhiteElo "2454"]
[BlackElo "2591"]
[EventDate "2019.08.02"]

1. d4 Nf6 2. c4 e6 3. Nf3 b6 4. g3 Ba6 5. b3 Bb4+ 6. Bd2 Be7 7. Nc3 d5 8.
cxd5 exd5 9. Bg2 O-O 10. O-O Re8 11. Ne5 Bb7 12. Qc2 c5 13. Bf4 Na6 14.
dxc5 Bxc5 15. Rad1 Rc8 16. Qb2 h6 17. Nb5 Qe7 18. Nd3 Bc6 19. Nd4 Bxd4 20.
Qxd4 Nc5 21. Rfe1 Bb7 22. Qb2 Nfe4 23. Be3 Ne6 24. Rc1 Red8 25. Bd4 Nxd4
26. Qxd4 Qa3 27. Qa1 Qe7 28. Qd4 Qa3 29. Qa1 Qe7 30. Qb2 Rxc1 31. Rxc1 d4
32. Re1 Ng5 33. e4 dxe3 34. Nf4 Rd2 0-1

[Event "26th Abu Dhabi Masters"]
[Site "Abu Dhabi UAE"]
[Date "2019.08.10"]
[Round "9.17"]
[White "Santos Latasa, Jaime"]
[Black "Kuybokarov, Temur"]
[Result "1-0"]
[WhiteElo "2586"]
[BlackElo "2511"]
[EventDate "2019.08.02"]

1. e4 c5 2. Nf3 d6 3. d4 cxd4 4. Nxd4 Nf6 5. Nc3 a6 6. h4 e5 7. Nb3 Be7 8.
Bg5 Be6 9. Bxf6 Bxf6 10. g3 Be7 11. Qd2 Nd7 12. O-O-O b5 13. Nd5 Bxd5 14.
exd5 Nf6 15. Kb1 Qb6 16. Qe2 O-O 17. g4 Rfe8 18. g5 Nd7 19. Bh3 Nf8 20. Bf5
a5 21. Nd2 a4 22. c3 b4 23. c4 a3 24. b3 Qd8 25. Ne4 g6 26. Bh3 f6 27. gxf6
Bxf6 28. h5 Ra7 29. Qf3 Bg7 30. hxg6 hxg6 31. Be6+ Nxe6 32. dxe6 Rxe6 33.
Qh3 Rf6 34. Qh7+ Kf7 35. Rhg1 Qe7 36. Rd3 Ra8 37. Rxg6 Rxg6 38. Rf3+ Rf6
39. Nxf6 Qxf6 40. Qh5+ Ke6 41. Qh3+ Ke7 42. Rxf6 Bxf6 43. Qh7+ Ke6 44. f4
1-0

[Event "26th Abu Dhabi Masters"]
[Site "Abu Dhabi UAE"]
[Date "2019.08.10"]
[Round "9.18"]
[White "Idani, Pouya"]
[Black "Nguyen, Anh Khoi"]
[Result "1/2-1/2"]
[WhiteElo "2581"]
[BlackElo "2529"]
[EventDate "2019.08.02"]

1. e4 c5 2. Nf3 d6 3. d4 cxd4 4. Nxd4 Nf6 5. Nc3 a6 6. Be3 e6 7. Be2 Be7 8.
f4 O-O 9. Qd3 Nbd7 10. Bf3 Nc5 11. Qd2 e5 12. Nb3 Nxb3 13. axb3 Bd7 14. f5
b5 15. g4 b4 16. Na2 Bc6 17. Nxb4 Bxe4 18. Bxe4 Nxe4 19. Qd3 Bh4+ 20. Ke2
Nf6 21. Rhg1 a5 22. Nd5 Nxd5 23. Qxd5 Bg5 24. Bf2 Bh4 25. Be3 Bg5 26. Bf2
Bh4 27. Be3 1/2-1/2

[Event "26th Abu Dhabi Masters"]
[Site "Abu Dhabi UAE"]
[Date "2019.08.10"]
[Round "9.19"]
[White "Aleksandrov, Aleksej"]
[Black "Rathanvel, V S"]
[Result "1/2-1/2"]
[WhiteElo "2571"]
[BlackElo "2367"]
[EventDate "2019.08.02"]

1. Nf3 c5 2. e3 Nf6 3. d4 cxd4 4. exd4 g6 5. Bd3 Bg7 6. O-O O-O 7. c3 b6 8.
Re1 Bb7 9. a4 a6 10. h3 d6 11. Bf4 Nbd7 12. Na3 Re8 13. Nc4 b5 14. axb5
axb5 15. Na3 e5 16. dxe5 dxe5 17. Bg5 e4 18. Bxb5 exf3 19. Rxe8+ Qxe8 20.
Bxf6 Bxf6 21. Qxd7 Qxd7 22. Bxd7 fxg2 23. Bg4 h5 24. Be2 Re8 25. Bb5 Re6
26. Nc2 Rb6 27. c4 Rd6 28. c5 Rd5 29. Ba6 Rxc5 30. Bxb7 Rxc2 31. Be4 Rxb2
32. Rc1 Re2 33. Bf3 Rd2 34. Re1 Kg7 35. Kxg2 Bd4 36. Re2 Rd3 37. Re1 Rb3
38. Re7 Rb2 39. Re2 Rb5 40. Re7 Rf5 41. Rd7 Rf4 42. Re7 Rf6 43. Rc7 Kh6 44.
Rc6 Rf4 45. Rd6 Kg5 46. Rd7 Kh4 47. Re7 g5 48. Re4 Rxe4 49. Bxe4 Bxf2 50.
Bf5 Ba7 51. Kf3 g4+ 52. hxg4 Kg5 53. Bc8 hxg4+ 54. Bxg4 f5 55. Bh3 f4 56.
Bf1 Kf6 57. Kxf4 1/2-1/2

[Event "26th Abu Dhabi Masters"]
[Site "Abu Dhabi UAE"]
[Date "2019.08.10"]
[Round "9.20"]
[White "Xu, Yi"]
[Black "Volokitin, Andrei"]
[Result "1/2-1/2"]
[WhiteElo "2531"]
[BlackElo "2636"]
[EventDate "2019.08.02"]

1. e4 c5 2. Nf3 d6 3. d4 cxd4 4. Nxd4 Nf6 5. Nc3 a6 6. Bg5 e6 7. f4 h6 8.
Bh4 Qb6 9. Qd2 Qxb2 10. Rb1 Qa3 11. e5 dxe5 12. fxe5 Nfd7 13. Ne4 Qxa2 14.
Rd1 Qd5 15. Qe3 Qxe5 16. Be2 Bc5 17. Bg3 Qd5 18. c4 Bxd4 19. Rxd4 Qa5+ 20.
Rd2 O-O 21. Bd6 f5 22. Bxf8 Nxf8 23. Nd6 Nbd7 24. g4 Qa1+ 25. Bd1 fxg4 26.
O-O Qe5 27. Qf2 Nf6 28. Ne8 Bd7 29. Nxf6+ gxf6 30. Qxf6 Qe3+ 31. Rdf2 e5
32. Bc2 Bc6 33. Bf5 g3 34. Be6+ Nxe6 35. Qxe6+ Kh8 36. Qf6+ Kh7 37. Qe7+
Kh8 38. Qf6+ 1/2-1/2

[Event "26th Abu Dhabi Masters"]
[Site "Abu Dhabi UAE"]
[Date "2019.08.10"]
[Round "9.21"]
[White "Onischuk, Vladimir"]
[Black "Suleymanli, Aydin"]
[Result "0-1"]
[WhiteElo "2640"]
[BlackElo "2416"]
[EventDate "2019.08.02"]

1. Nf3 Nf6 2. g3 d5 3. Bg2 Bf5 4. d3 e6 5. O-O h6 6. Nbd2 Be7 7. e4 dxe4 8.
Ne5 O-O 9. dxe4 Bh7 10. Qe2 Nfd7 11. Nec4 Nc6 12. Nb3 a5 13. a4 Nc5 14. Rd1
Qe8 15. Bf4 Nxb3 16. cxb3 Rc8 17. Rac1 Bb4 18. Ne5 Nxe5 19. Bxe5 Qe7 20.
Qb5 c6 21. Qb6 f6 22. Bd4 Rcd8 23. Be3 e5 24. h4 Bg6 25. Rxd8 Rxd8 26. Bc5
Bxc5 27. Rxc5 Rd4 28. Rc4 Rd1+ 29. Kh2 Rd2 30. Kg1 Rxb2 31. Rc3 Qd7 32. Bf3
Qd4 33. Qxd4 exd4 34. Rc5 d3 35. Rxa5 d2 36. Ra8+ Kf7 37. Rd8 Ke7 38. Rd4
c5 39. Rd5 Rxb3 40. Kg2 Rb2 41. h5 Bh7 42. Kf1 c4 43. Ke2 c3 44. Ke3 Rb1
45. Rc5 Re1+ 46. Kd4 Bxe4 0-1

[Event "26th Abu Dhabi Masters"]
[Site "Abu Dhabi UAE"]
[Date "2019.08.10"]
[Round "9.22"]
[White "Santos Ruiz, Miguel"]
[Black "Akash Pc, Iyer"]
[Result "1-0"]
[WhiteElo "2567"]
[BlackElo "2443"]
[EventDate "2019.08.02"]

1. e4 e5 2. Nf3 Nc6 3. Bb5 a6 4. Ba4 Nf6 5. O-O b5 6. Bb3 Bc5 7. a4 Rb8 8.
Nxe5 Nxe5 9. d4 Bxd4 10. Qxd4 d6 11. Bf4 O-O 12. f3 Nfd7 13. axb5 axb5 14.
Nc3 Ng6 15. Be3 Nc5 16. Ba2 Ne5 17. Rfd1 b4 18. Nd5 b3 19. cxb3 Nxb3 20.
Bxb3 Rxb3 21. Bf4 c5 22. Qf2 Ng6 23. Bg3 Qd7 24. Rd2 Rd8 25. Rad1 Qb7 26.
Nc3 Be6 27. Bxd6 c4 28. f4 Bg4 29. Bc5 Rxd2 30. Rxd2 Bd7 31. Qd4 Be8 32. f5
Nf4 33. Qd6 1-0

[Event "26th Abu Dhabi Masters"]
[Site "Abu Dhabi UAE"]
[Date "2019.08.10"]
[Round "9.23"]
[White "Istratescu, Andrei"]
[Black "Mendonca, Leon Luke"]
[Result "0-1"]
[WhiteElo "2561"]
[BlackElo "2401"]
[EventDate "2019.08.02"]

1. e4 c5 2. Nf3 d6 3. d4 cxd4 4. Nxd4 Nf6 5. Nc3 a6 6. Be3 e5 7. Nb3 Be6 8.
Qd2 Be7 9. f3 Nbd7 10. Nd5 Bxd5 11. exd5 Rc8 12. c4 b6 13. Be2 O-O 14. O-O
a5 15. Rac1 Nc5 16. Nxc5 dxc5 17. Rcd1 Bd6 18. Bg5 h6 19. Bh4 e4 20. f4 Qd7
21. Qe3 Rce8 22. Bxf6 gxf6 23. Qg3+ Kh7 24. Bg4 f5 25. Bh3 Rg8 26. Qh4 Kg6
27. Kh1 Qd8 28. Qg3+ Kf6 29. Qe1 Kg6 30. Qg3+ Kf6 31. Qc3+ Kg6 32. g4 fxg4
33. Bxg4 f5 34. Bh3 Qf6 35. Qb3 Kh7 36. Qxb6 e3 37. Rde1 e2 38. Rf2 Kh8 39.
Qxa5 Qxb2 40. Bxf5 Qd4 41. Rf3 Re3 42. Rf2 Re7 43. Rf3 Reg7 44. Rg3 Rxg3
45. hxg3 Qe3 46. Bg4 Rxg4 47. Qd8+ Kh7 48. Qd7+ Rg7 49. Qf5+ Kh8 50. Qh3
Rxg3 51. Qxh6+ Kg8 52. Qe6+ Qxe6 53. dxe6 Re3 54. Kg2 Bxf4 55. Kf2 Rxe6 56.
Rxe2 Rxe2+ 57. Kxe2 Kf7 58. Kf3 Bd6 59. Ke4 Ke6 0-1

[Event "26th Abu Dhabi Masters"]
[Site "Abu Dhabi UAE"]
[Date "2019.08.10"]
[Round "9.24"]
[White "Aditya, Mittal"]
[Black "Shevchenko, Kirill"]
[Result "1/2-1/2"]
[WhiteElo "2429"]
[BlackElo "2556"]
[EventDate "2019.08.02"]

1. d4 Nf6 2. c4 g6 3. Nc3 Bg7 4. e4 d6 5. Nf3 O-O 6. Be2 e5 7. O-O h6 8.
dxe5 dxe5 9. Nxe5 Nxe4 10. Nxe4 Bxe5 11. Qxd8 Rxd8 12. Bxh6 Bxb2 13. Rab1
Be5 14. Bg5 Re8 15. Bf3 Nd7 16. c5 f5 17. c6 fxe4 18. cxd7 Bxd7 19. Bxe4
Bxh2+ 20. Kxh2 Rxe4 21. Rxb7 Rg4 22. Bf6 Rxg2+ 23. Kxg2 Bc6+ 24. Kg3 Bxb7
25. Rd1 Kf7 26. Be5 c5 27. Kf4 Rf8 28. Bd6 Rc8 29. Bxc5 Rxc5 30. Rd7+ Kf6
31. Rxb7 Ra5 32. Rb2 Ra4+ 33. Ke3 g5 34. Rc2 Kf5 35. f3 Ra5 36. Rb2 a6 37.
Rd2 Ke5 38. Kf2 Ra3 39. Kg3 Kf5 40. Rd5+ Kf6 41. Rd6+ Ke5 42. Rd2 Ra4 43.
Re2+ Kf5 44. Rc2 a5 45. Rc5+ Kg6 46. Rc6+ Kh5 47. Rc2 Ra3 48. Rh2+ Kg6 49.
Rc2 Kf6 50. Rc6+ Ke5 51. Rc5+ Kd4 52. Rxg5 Rxa2 53. Rg8 a4 54. Ra8 a3 55.
f4 Ra1 56. f5 Ke5 57. Ra5+ Kf6 58. Kh2 Ra2+ 59. Kg3 Kg5 60. Kf3 Rh2 61. Kg3
Ra2 62. Kf3 1/2-1/2

[Event "26th Abu Dhabi Masters"]
[Site "Abu Dhabi UAE"]
[Date "2019.08.10"]
[Round "9.25"]
[White "Iniyan, P"]
[Black "Nitish, Belurkar"]
[Result "1-0"]
[WhiteElo "2517"]
[BlackElo "2271"]
[EventDate "2019.08.02"]

1. d4 Nf6 2. c4 e6 3. Nc3 Bb4 4. e3 b6 5. Bd3 Bb7 6. Nf3 O-O 7. O-O c5 8.
Na4 cxd4 9. exd4 Re8 10. a3 Bf8 11. b4 Bxf3 12. Qxf3 Nc6 13. Qh3 d5 14.
cxd5 Qxd5 15. Nc3 Qd8 16. Ne4 h6 17. Bg5 Be7 18. Bxf6 Bxf6 19. Bb5 Rc8 20.
Rac1 Qd5 21. Nxf6+ gxf6 22. Bxc6 Rxc6 23. Rxc6 Qxc6 24. Qxh6 f5 25. Rc1 Qe4
26. Qf6 e5 27. dxe5 Qxe5 28. Qg5+ Kf8 29. h3 Qb2 30. Rc7 Re1+ 31. Kh2 Qe5+
32. Qg3 a5 33. Rc8+ Ke7 34. f4 1-0